000 00581nam a22001817a 4500
008 151203b xxu||||| |||| 00| 0 eng d
020 _a9710459841
082 _22010
_aDFil 363.232
_bG93p
100 _91114
_aGuevara, Dean Ricardo M.
245 _aPolice Intelligence and Secret Service/
_cDean Ricardo M. Guevara
260 _aPhilipines:
_bWiseman's Book Trading, Inc.,
_cc2010.
300 _axii, 120 pages;
_c23cm.
500 _aIncludes Glossary
650 0 _92645
_aPolice intelligence.
700 _91115
_aRodolfo S. Tatoy
_eAuthor
365 _b398
_cPhp
942 _2ddc
_cDFIL
999 _c447
_d447